| 000 | 01492nam a2200265Ia 4500 | ||
|---|---|---|---|
| 999 |
_c49263 _d49263 |
||
| 001 | 16177 | ||
| 003 | GE_BSU | ||
| 005 | 20211210135437.0 | ||
| 008 | 181216s2014ge xx |||||||||||||| ||geo|| | ||
| 020 | _a9789941070754 | ||
| 040 | _cGE_BSU | ||
| 041 | _ageo | ||
| 080 | _a005(075.8) მ-48 | ||
| 100 |
_aმაჭავარიანი, შ. (შალვა) _913257 |
||
| 245 |
_aმენეჯმენტის საფუძვლები : _bთეორიები, კონცეფციები და პრაქტ. მიდგომები / _c შალვა მაჭავარიანი ; მთ. რედ. ვახტანგ სართანია |
||
| 264 |
_aთბილისი : _bსაპატრიარქოს სტ. შპს "მეგობრობა", _c2014. |
||
| 300 |
_a604 გვ. : _bნახ. ; _c28 სმ. |
||
| 500 | _aFundamenaes of management : theories, concepts and practical approaches. ENG Основы менеджмента : теории, концепции и практические подходы. RUS | ||
| 501 | _aტერმინის განმარტება: გვ. 524-602. | ||
| 504 | _a ბიბლიოგრ.: გვ. 122-123. | ||
| 653 | _aმენეჯმენტი | ||
| 653 | _aსახელმძღვანელო | ||
| 700 |
_a სართანია, ვახტანგ _eმთავარი რედაქტორი _913258 |
||
| 942 |
_cBK _2udc |
||